| 000 | 00449nam a2200169 a 4500 | ||
|---|---|---|---|
| 001 | 7163 | ||
| 003 | CO-ViMGA | ||
| 008 | 141112s2004 ck r 000 u spa d | ||
| 040 |
_aCO-ViMGA _bspa _cCO-ViMGA |
||
| 082 | 0 | 4 | _a657.022 U474 |
| 100 | 1 |
_aUhring, Anne _96282 |
|
| 245 | 1 | 0 | _aManual de contabilidad para organizaciones agrÃcolas |
| 260 |
_aMexico : _bTrillas, _c1988 |
||
| 300 | _a106 p : il | ||
| 650 | 1 | 4 |
_aCONTABILIDAD _95693 |
| 942 |
_2ddc _cBK |
||
| 999 |
_c19128 _d19128 |
||